Nghiên cứu ảnh hưởng của các nhân tố sinh thái đến khả năng sinh trưởng của cây Lát Hoa (Chukrasia tabularis) trồng ở vườn ươm và ngoài tự nhiên tại xã Hòa Bắc, huyện Hòa Vang, thành phố Đà Nẵng

Nghiên cứu ảnh hưởng các nhân tố sinh thái đến sự sinh trưởng của loài Lát Hoa trong giai đoạn vườn ươm. Nghiên cứu ảnh hưởng của các nhân tố sinh thái đến sự sinh trưởng của loài Lát Hoa trồng ngoài tự nhiên. Thiết lập quy trình sản xuất cây giống và mô hình trồng loài Lát Hoa có hiệu quả kinh tế c...

Cijeli opis

Spremljeno u:
Bibliografski detalji
Glavni autor: Võ Quang Duy
Daljnji autori: Võ Châu Tuấn TS. (Hướng dẫn)
Format: Knjiga
Jezik:Vietnamese
Izdano: Đà Nẵng Đại học Đà Nẵng 2015
Teme:
Oznake: Dodaj oznaku
Bez oznaka, Budi prvi tko označuje ovaj zapis!
Thư viện lưu trữ: Mạng thư viện Đại học Đà Nẵng
LEADER 02065nam a2200361 4500
001 000023834
003 20287
005 20160329100347.0
008 160316s2015 viesd
041 |a vie 
082 1 4 |a 583.77  |b VO-D 
100 1 |a Võ Quang Duy 
245 1 |a Nghiên cứu ảnh hưởng của các nhân tố sinh thái đến khả năng sinh trưởng của cây Lát Hoa (Chukrasia tabularis) trồng ở vườn ươm và ngoài tự nhiên tại xã Hòa Bắc, huyện Hòa Vang, thành phố Đà Nẵng  |c Võ Quang Duy ; Võ Châu Tuấn hướng dẫn.  |k Luận văn Thạc sĩ 
260 |a Đà Nẵng  |b Đại học Đà Nẵng  |c 2015 
300 |a 67 tr. ; phụ lục 9 tr.  |b Hình ảnh mh.  |c 29 cm.  |e Tóm tắt 
500 |a Luận văn thạc sĩ Khoa học. Chuyên ngành: Sinh thái học. Mã số: 60.42.60 
520 3 |a Nghiên cứu ảnh hưởng các nhân tố sinh thái đến sự sinh trưởng của loài Lát Hoa trong giai đoạn vườn ươm. Nghiên cứu ảnh hưởng của các nhân tố sinh thái đến sự sinh trưởng của loài Lát Hoa trồng ngoài tự nhiên. Thiết lập quy trình sản xuất cây giống và mô hình trồng loài Lát Hoa có hiệu quả kinh tế cao tại xã Hòa Bắc, huyện Hòa Vang, TP Đà Nẵng 
650 0 4 |a Cây lát hoa  |v Luận văn tốt nghiệp  |x Vườn ươm  |x Nghiên cứu  |z Đà Nẵng 
653 |a Cây lát hoa 
653 |a Nhân tố sinh thái 
653 |a Sinh thái học 
653 |a Vườn ươm 
700 1 |a Võ Châu Tuấn  |c TS.  |e Hướng dẫn 
OWN |a LSP 
AVA |a UDN50  |b LSP  |d 583.77 VO-D  |e available  |t Error 5001 Not defined in file expand_doc_bib_avail.  |f 1  |g 0  |h N  |i 0  |k 1 
999 |a From the UDN01 
AVA |a UDN50  |b LSP  |d 583.77 VO-D  |e available  |t Error 5001 Not defined in file expand_doc_bib_avail.  |f 1  |g 0  |h N  |i 0  |k 1 
TYP |a Monograph 
TYP |a Printed language 
980 |a Mạng thư viện Đại học Đà Nẵng